00247nam a2200121Ia 4500100001600000650001200016366000700028654002400035245003700059260000900096082000800105546001200113 aAvadhanulu  aPhysics f20 aengineering physics aText book of Engineering Physics b#N/A bAVA aENGLISH